000 00447nam a2200181Ia 4500
001 22550
005 20260414150839.0
008 260414t1993||||xx |||||||||||||| ||spa||
041 _aESP
082 _a621.382
_bK28
100 _aKay, Steven M.
_eAUT
245 0 _aFundamentals of statistical signal processing :
_b estimation theory
260 _c1993
300 _a
_c24 cm.
650 _aTCA
654 _aCET
942 _cLIB
_dJUS
_fJUS
_2ddc
_n
999 _c22550
_d22550